Yiru Kur-an tamilil vilakkam (Record no. 1067027)
[ view plain ]
| 000 -LEADER | |
|---|---|
| fixed length control field | 00532nam a2200217Ia 4500 |
| 003 - CONTROL NUMBER IDENTIFIER | |
| control field | OSt |
| 005 - DATE AND TIME OF LATEST TRANSACTION | |
| control field | 20221005133512.0 |
| 008 - FIXED-LENGTH DATA ELEMENTS--GENERAL INFORMATION | |
| fixed length control field | 221004b |||||||| |||| 00| 0 tam d |
| 037 ## - SOURCE OF ACQUISITION | |
| Terms of availability | Textual |
| 040 ## - CATALOGING SOURCE | |
| Original cataloging agency | CRL |
| Transcribing agency | CRL |
| Language of cataloging | tam |
| 041 ## - LANGUAGE CODE | |
| Source of code | tam |
| Language code of text/sound track or separate title | tam |
| 100 ## - MAIN ENTRY--PERSONAL NAME | |
| Personal name | Diwan |
| 9 (RLIN) | 228848 |
| 245 #0 - TITLE STATEMENT | |
| Title | Yiru Kur-an tamilil vilakkam |
| 650 ## - SUBJECT ADDED ENTRY--TOPICAL TERM | |
| Topical term or geographic name entry element | RELIGION |
| 942 ## - ADDED ENTRY ELEMENTS (KOHA) | |
| Classification part | Q7:21:g, 31N5 |
| Koha item type | Textual |
| Source of classification or shelving scheme | |
No items available.
